| 000 | 00750cam a2200169I 4500 | ||
|---|---|---|---|
| 082 |
_a940.4 _bMOB |
||
| 100 | 1 |
_aMoberly, F. J. _949412 |
|
| 245 | 1 | 4 |
_aThe campaign in Mesopotamia 1914-1918, _ccompiled, at the request of the government of India, under the direction of the Historical Section of the Committee of Imperial Defence, by Brig.-Gen. F.J. Moberly. |
| 260 |
_aLondon, _bH.M. Stationery Office, _c1923-1927. |
||
| 300 |
_a4 v. _bfronts., plates, maps (part fold.) _c23 cm. |
||
| 490 | 1 | _aHistory of the great war based on official documents. | |
| 500 | _aPart of the folded maps are in pockets. | ||
| 526 |
_a0 _b0 _c0 _d940_400000000000000_MOB |
||
| 650 | 0 |
_aMCE _9379 |
|
| 650 | 0 |
_aWorld War, 1914-1918 _xCampaigns _zTurkey. |
|
| 942 |
_2ddc _cBK |
||
| 999 |
_c552496 _d552496 |
||